[Event "CAN-ch U08 Girls"]
[Site "Vancouver"]
[Date "2012.07.04"]
[Round "4"]
[White "Murray, Sarah"]
[Black "Zhao, Cindy Ziyi"]
[Result "1-0"]
[WhiteElo "387"]
[BlackElo "753"]
[PlyCount "100"]
[EventDate "2012.07.03"]
[EventType "tourn"]
[EventRounds "8"]
[EventCountry "CAN"]
[SourceTitle "EXT 2022"]
[Source "ChessBase"]
[SourceDate "2021.10.06"]
[SourceVersion "1"]
[SourceVersionDate "2021.10.06"]
[SourceQuality "1"]

1. e4 e5 2. Nf3 Nc6 3. Nc3 Nf6 4. Bc4 Bc5 5. Ng5 0-0 6. 0-0 d6 7. Nxf7 Rxf7 8. Bxf7+ Kxf7 9. d3 Kg8 10. Bg5 h6 11. Bxf6 Qxf6 12. Nd5 Qf7 13. Qf3 Qxf3 14. gxf3 Bh3 15. Rfd1 Re8 16. Nxc7 Re7 17. Nd5 Rd7 18. a3 Bd4 19. c3 Bb6 20. Nxb6 axb6 21. b4 Rf7 22. b5 Na7 23. c4 Rxf3 24. d4 exd4 25. Rxd4 Nc8 26. Rad1 Rxa3 27. R1d3 Ra1+ 28. Rd1 Ra2 29. R1d2 Ra3 30. R2d3 Rxd3 31. Rxd3 Be6 32. Rd4 Kf7 33. Kg2 Kf6 34. Kf3 Ke5 35. Ke3 Ne7 36. f4+ Kf6 37. h4 Nc8 38. h5 g5 39. hxg6 Kxg6 40. f5+ Bxf5 41. exf5+ Kxf5 42. Rd5+ Kg6 43. Kf4 Ne7 44. Rxd6+ Kh5 45. Rd7 Ng6+ 46. Ke3 Kh4 47. Rxb7 h5 48. Rxb6 Kg3 49. Rxg6+ Kh3 50. Rh6 h4 1-0